Cheen Ki Lok Kathayein (Record no. 126100)

MARC details
000 -LEADER
fixed length control field 00444nam a2200133Ia 4500
008 - FIXED-LENGTH DATA ELEMENTS--GENERAL INFORMATION
fixed length control field 211122s9999||||xx |||||||||||||| ||und||
082 ## - DEWEY DECIMAL CLASSIFICATION NUMBER
Classification number 891.433
Item number MAI-C
100 ## - MAIN ENTRY--PERSONAL NAME
Personal name Maithrey, Anviksha
245 #0 - TITLE STATEMENT
Title Cheen Ki Lok Kathayein
260 ## - PUBLICATION, DISTRIBUTION, ETC.
Name of publisher, distributor, etc. Meera Devi Pusthak Prathishtan
Place of publication, distribution, etc. Maharashtra
630 ## - SUBJECT ADDED ENTRY--UNIFORM TITLE
General subdivision General Stack
650 ## - SUBJECT ADDED ENTRY--TOPICAL TERM
Topical term or geographic name entry element Generalia
942 ## - ADDED ENTRY ELEMENTS (KOHA)
Koha item type BOOK
650 ## - SUBJECT ADDED ENTRY--TOPICAL TERM
Form subdivision LITERATURE & RHETORICLITERATURES OF OTHER LANGUAGESEAST INDO-EUROPEAN & CELTIC LITERATUES
Holdings
Withdrawn status Lost status Damaged status Not for loan Home library Current library Date acquired Cost, normal purchase price Total Checkouts Full call number Barcode Shelving location Date last seen Price effective from Koha item type
        SB LIBRARY SB LIBRARY 22/11/2021 350.00   891.433 MAI-C 00139772 GENERAL STACK 22/11/2021 22/11/2021 BOOK

Powered by Koha